Red Velvet Quiz - Statistics

General Stats
  • This quiz has been taken 837 times
    67 since last reset
  • The average score is 103 of 199
Answer Stats
Album Answer % Correct
Ice Cream Cake Ice Cream Cake
97%
Russian Roulette Russian Roulette
97%
Single Happiness
95%
Queendom Queendom
95%
RBB RBB (Really Bad Boy)
95%
Rookie Rookie
95%
Hello Hello
92%
Monster Monster
92%
The Red Summer Red Flavor
92%
28 Reasons 28 Reasons
89%
Cosmic Cosmic
89%
The ReVe Festival 2022 - Feel My Rhythm Feel My Rhythm
89%
Perfect Velvet Peek-A-Boo
89%
Summer Magic Power Up
89%
#SAPPY Sappy
89%
The Perfect Red Velvet Bad Boy
87%
Chill Kill Chill Kill
87%
#Cookie Jar #Cookie Jar
87%
The ReVe Festvial:Finale Psycho
87%
Ice Cream Cake Automatic
84%
Single Be Natural
84%
Like Water Like Water
84%
TILT TILT
84%
The ReVe Festival:Day 1 Zimzalabim
84%
The ReVe Festival 2022 - Birthday Birthday
82%
The Red Dumb Dumb
82%
Like A Flower Like A Flower
82%
The Velvet One Of These Nights
82%
The Red Summer Zoo
82%
The ReVe Festival:Day 2 Umpah Umpah
79%
Wish You Hell Wish You Hell
79%
The ReVe Festival 2022 - Feel My Rhythm In My Dreams
76%
The ReVe Festival 2022 - Birthday Celebrate
71%
The Red Day 1
71%
Russian Roulette Bad Dracula
68%
The ReVe Festival 2022 - Feel My Rhythm BAMBOLEO
68%
Perfect Velvet Kingdom Come
68%
Summer Magic Mosquito
68%
Queendom Pose
68%
The Red Red Dress
68%
The Red Summer You Better Know
68%
Accidentally On Purpose Baby, Not Baby
66%
The Red Campfire
66%
The Red Summer Mojito
66%
Monster Naughty
66%
The ReVe Festival 2022 - Feel My Rhythm Rainbow Halo
66%
Bloom WILDSIDE
66%
The ReVe Festival 2022 - Feel My Rhythm Beg For Me
63%
The ReVe Festival:Day 2 Carpool
63%
The Red Summer Hear The Sea
63%
The Red Huff n Puff
63%
The Red Lady's Room
63%
Perfect Velvet Look
63%
Ice Cream Cake Stupid Cupid
63%
Cosmic Sunflower
63%
Chill Kill Underwater
63%
The ReVe Festival 2022 - Birthday ZOOM
63%
Biggest Fan Biggest Fan
61%
Summer Magic Blue Lemonade
61%
RBB Butterflies
61%
The ReVe Festival 2022 - Birthday Bye Bye
61%
Ice Cream Cake Candy
61%
Perfect Velvet I Just
61%
The ReVe Festival:Finale In & Out
61%
Queendom Knock On Wood
61%
Ice Cream Cake Somethin Kinda Crazy
61%
The ReVe Festival:Day 1 Sunny Side Up!
61%
The Red Time Slip
61%
28 Reasons Anywhere But Home
58%
Rookie Body Talk
58%
Cosmic Bubble
58%
Monster Diamond
58%
Chill Kill Iced Coffee
58%
Hello Je T'aime
58%
The Velvet Light Me Up
58%
Russian Roulette My Dear
58%
Perfect Velvet Perfect 10
58%
#SAPPY Swimming Pool
58%
Ice Cream Cake Take It Slow
58%
Perfect Velvet Attaboy
55%
Chill Kill Bulldozer
55%
The Velvet Cool Hot Sweet Love
55%
The ReVe Festival 2022 - Feel My Rhythm Good, Bad, Ugly
55%
Summer Magic Hit That Drum
55%
The ReVe Festival:Day 2 Ladies Night
55%
The ReVe Festival:Finale La Rouge
55%
Rookie Little Little
55%
28 Reasons Los Angeles
55%
Cosmic Love Arcade
55%
The Red Oh Boy
55%
RBB Sassy Me
55%
Like Water Best Friend
53%
Monster Jelly
53%
The ReVe Festival:Day 1 LP
53%
Summer Magic Mr.E
53%
Cosmic Night Drive
53%
The ReVe Festival:Day 1 Parade
53%
Single Rebirth
53%
Perfect Velvet About Love
50%
Queendom Hello, Sunset
50%
Chill Kill Knock Knock (Who's There?)
50%
Russian Roulette Lucky Girl
50%
Russian Roulette Some Love
50%
Rookie Talk To Me
50%
RBB Taste
50%
TILT Trampoline
50%
Chill Kill Will I Ever See You Again?
50%
The ReVe Festival:Day 1 Bing Bing
47%
28 Reasons Dead Man Runnin'
47%
The Red Don't U Wait No More
47%
Russian Roulette Fool
47%
Cosmic Last Drop
47%
The ReVe Festival:Day 1 Milkshake
47%
Perfect Velvet Moonlight Melody
47%
The ReVe Festival 2022 - Birthday On a Ride
47%
The Velvet Rose Scent Breeze
47%
#SAPPY Sayonara
47%
RBB So Good
47%
Chill Kill Wings
47%
The Perfect Red Velvet All Right
45%
Queendom Better Be
45%
The Red Cool World
45%
The ReVe Festival:Day 2 Eyes Locked, Hands Locked
45%
Hello Happy Birthday to You
45%
The ReVe Festival:Day 2 Jumpin'
45%
Bloom Marionette
45%
Chill Kill One Kiss
45%
The ReVe Festival:Finale Remember Forever
45%
Russian Roulette Sunny Afternoon
45%
The Perfect Red Velvet Time To Love
45%
Like Water When This Rain Stops
45%
#Cookie Jar Aitai-tai
42%
Wish You Hell His Car Isn't Yours
42%
The ReVe Festival:Day 2 Love Is The Way
42%
From JOY, With Love Love Splash!
42%
Perfect Velvet My Second Date
42%
Chill Kill Scenery
42%
Monster Uncover
42%
Single Would U
42%
28 Reasons Crown
39%
Bloom Jackpot
39%
Chill Kill Nightmare
39%
Queendom Pushin' N Pullin'
39%
Monster Feel Good
37%
The Velvet First Time
37%
TILT Heaven
37%
Like A Flower Ka-Ching
37%
Rookie Last Love
37%
Accidentally On Purpose Praying
37%
Like Water The Road
37%
Like Water Why Can't You Love Me?
37%
Single Wish Tree
37%
Summer Magic With You
37%
Bloom Color of Love
34%
TILT Girl Next Door
34%
Rookie Happily Ever After
34%
Wish You Hell Queen Of The Party
34%
Bloom Snap Snap
34%
Like A Flower Strawberry Silhouette
34%
Like A Flower Summer Rain
34%
TILT Irresistible
32%
Single Milky Way
32%
Accidentally On Purpose Rollin' (With My Homies)
32%
TILT What's Your Problem
32%
28 Reasons Bad Boy, Sad Girl
29%
Biggest Fan Black Halo
29%
#Cookie Jar Cause it's you
29%
Cerulean Verge Fireproof
29%
Like A Flower I Feel Pretty
29%
Cerulean Verge Sunkiss
29%
Wish You Hell Vermilion
29%
Accidentally On Purpose Weakness
29%
Accidentally On Purpose Whatever
29%
Biggest Fan Best Believe
26%
Hello If Only
26%
Like A Flower Start Line
26%
Biggest Fan Wasteland
26%
Hello Be There for You
24%
Like A Flower Calling Me Back
24%
Hello Day by Day
24%
Wish You Hell Best Ever
21%
Wish You Hell Better Judgement
21%
Cerulean Verge Chapter You
21%
Cerulean Verge Hate2
21%
Biggest Fan MTV (My Timeless Video)
21%
Like A Flower Winter Wish
21%
Cerulean Verge Believe
18%
Accidentally On Purpose Better Dayz
18%
From JOY, With Love Cuddle
18%
From JOY, With Love Get Up And Dance
18%
From JOY, With Love La Vie En Bleu
18%
Biggest Fan SPIT IT OUT
18%
Biggest Fan Love Can Make A Way
16%
Biggest Fan Million Miles Away
16%
Biggest Fan Don't Wanna Get Up
13%
Cerulean Verge Existential Crisis
13%
Biggest Fan Face To Face
13%
From JOY, With Love Scent Of Green
13%
From JOY, With Love Unwritten Page
13%
No matching quizzes found
Score Distribution
Percent of People with Each Score
Percentile by Number Answered
Your Score History
You have not taken this quiz since the last reset